| 000 | 00000nam 2200000zi 4500 |
| 001 | 9.921893 |
| 003 | CaOODSP |
| 005 | 20230424135534 |
| 006 | m o d f |
| 007 | cr bn||||||||| |
| 008 | 230424t19771978onca ob f000 0 eng d |
| 020 | |a0662015878 |q(print) |
| 040 | |aCaOODSP|beng|erda|cCaOODSP |
| 041 | 0 |aeng|beng|bfre |
| 043 | |an-cn--- |
| 086 | 1 |aEn42-1/3-76-5E-PDF |
| 086 | 1 |aEn42-3/76-5 |
| 100 | 1 |aOstrouchov, N., |eauthor. |
| 245 | 10|aAir pollution emissions and control technology : |bthermal power generation industry. |nVol. I, |pInternal combustion engines / |cby N. Ostrouchov. |
| 264 | 1|a[Ottawa] : |bCombustion Sources Division, Abatement and Compliance Branch, Air Pollution Control Directorate, |c1977. |
| 264 | 4|c©1978 |
| 300 | |a1 online resource (ix, 88 pages) : |billustrations. |
| 336 | |atext|btxt|2rdacontent |
| 337 | |acomputer|bc|2rdamedia |
| 338 | |aonline resource|bcr|2rdacarrier |
| 490 | 1 |aEnvironmental Protection Service report series |
| 500 | |aErrata slip inserted. |
| 500 | |a"Report EPS 3-AP-76-5." |
| 500 | |a"November 1977." |
| 500 | |aOn cover: Economic and technical review, report EPS 3-AP-76-5. |
| 500 | |aDigitized edition from print [produced by Environment and Climate Change Canada]. |
| 504 | |aIncludes bibliographical references (pages 67-69). |
| 546 | |aIncludes abstracts in English and French. |
| 650 | 0|aSteam power plants|xWaste disposal|xEnvironmental aspects|zCanada. |
| 650 | 0|aGas turbines|xEnvironmental aspects|zCanada. |
| 650 | 0|aInternal combustion engines|xExhaust gas|xEnvironmental aspects|zCanada. |
| 650 | 0|aAir|xPollution|zCanada. |
| 650 | 0|aPollution control equipment|zCanada. |
| 650 | 6|aCentrales thermiques|xDéchets|xÉlimination|xAspect de l'environnement|zCanada. |
| 650 | 6|aTurbines à gaz|xAspect de l'environnement|zCanada. |
| 650 | 6|aMoteurs à combustion interne|xGaz d'échappement|xAspect de l'environnement|zCanada. |
| 650 | 6|aAir|xPollution|zCanada. |
| 650 | 6|aTechnique de l'environnement|xAppareils et matériel|zCanada. |
| 710 | 1 |aCanada. |bEnvironmental Protection Service, |eissuing body. |
| 710 | 1 |aCanada. |bAir Pollution Control Directorate, |eissuing body. |
| 830 | #0|aEnvironmental Protection Service report series.|w(CaOODSP)9.866031 |
| 856 | 40|qPDF|s2.16 MB|uhttps://publications.gc.ca/collections/collection_2023/eccc/en42/En42-1-3-76-5-eng.pdf |